Plus grande ville par pays - EXTRÊME - Statistiques

Statistiques générales
  • Ce quiz a été pris 28 fois
  • Le résultat moyen est 40 sur 192
Statistiques - réponses
Pays Ville % Correct
France Marseille
88%
Algérie Oran
83%
Allemagne Hambourg
79%
Afrique du Sud Johannesbourg
79%
Australie Melbourne
75%
Espagne Barcelone
67%
Brésil São Paulo
67%
Liechtenstein Schaan
67%
Côte d'Ivoire Abidjan
63%
Belgique Anvers
63%
États-Unis New York
63%
Égypte Alexandrie
58%
Royaume-Uni Birmingham
58%
Nigeria Lagos
58%
Italie Milan
58%
Inde Mumbai
58%
Chine Shanghai
58%
Maroc Casablanca
54%
Émirats Arabes Unis Dubaï
54%
Russie Saint-Pétersbourg
54%
Israël Tel Aviv
54%
Grèce Thessalonique
54%
Canada Toronto
54%
Nouvelle-Zélande Auckland
50%
Autriche Graz
50%
Turquie Istanbul
50%
Colombie Medellín
50%
Irak Mossoul
50%
Pays-Bas Rotterdam
50%
Corée du Sud Busan
46%
Sri Lanka Colombo
46%
Irlande Cork
46%
Pologne Cracovie
46%
Suède Göteborg
46%
Viêt Nam Hô Chi Minh-Ville
46%
Togo Kara
46%
Pakistan Karachi
46%
Ukraine Kharkiv
46%
Croatie Split
46%
Suisse Zurich
46%
Argentine Córdoba
42%
Arabie Saoudite Djeddah
42%
Chili Valparaíso
42%
Syrie Alep
38%
Norvège Bergen
38%
République Tchèque Brno
38%
Burundi Bujumbura
38%
Tanzanie Dar es Salam
38%
Cameroun Douala
38%
Slovénie Maribor
38%
Danemark Aarhus
33%
Bangladesh Chittagong
33%
Roumanie Cluj-Napoca
33%
Lituanie Kaunas
33%
Tunisie Sfax
33%
Moldavie Tiraspol
33%
Birmanie Yangon
33%
Kazakhstan Almaty
29%
Belize Belize City
29%
Libye Benghazi
29%
Bénin Cotonou
29%
Albanie Durrës
29%
Équateur Guayaquil
29%
Chypre Limassol
29%
Kenya Mombasa
29%
Serbie Novi Sad
29%
Bulgarie Plovdiv
29%
Yémen Aden
25%
République
Démocratique
du Congo
Lubumbashi
Mbuji-Mayi
25%
Venezuela Maracaibo
25%
Philippines Quezon City
25%
Mexique Tijuana
25%
Liban Tripoli
25%
Bosnie-Herzégovine Banja Luka
21%
Géorgie Batoumi
21%
Lettonie Daugavpils
21%
Luxembourg Esch-sur-Alzette
21%
Finlande Espoo
21%
Slovaquie Košice
21%
Iran Mechhed
21%
République du Congo Pointe-Noire
21%
Saint-Marin Serravalle
21%
Estonie Tartu
21%
Hongrie Debrecen
17%
Andorre Escaldes-Engordany
17%
Ghana Kumasi
17%
Gabon Port-Gentil
17%
Bolivie Santa Cruz
17%
Cuba Santiago de Cuba
17%
Indonésie Surabaya
17%
Japon Yokohama
17%
Burkina Faso Bobo-Dioulasso
13%
Somalie Hargeisa
13%
Afghanistan Hérat
13%
Biélorussie Homiel
13%
Nicaragua León
13%
Kosovo Prizren
13%
Pérou Arequipa
8%
Guinée équatoriale Bata
8%
Malawi Blantyre
8%
Paraguay Ciudad del Este
8%
Malaisie Johor Bahru
8%
Islande Keflavík
8%
Palaos Koror
8%
Monténégro Nikšić
8%
Mauritanie Nouadhibou
8%
Honduras San Pedro Sula
8%
République Dominicaine Santiago de losCaballeros
8%
Laos Savannakhet
8%
Mali Sikasso
8%
Madagascar Toamasina
8%
Portugal Vila Nova de Gaia
8%
Djibouti Ali Sabieh
4%
Érythrée Assab
4%
Zimbabwe Bulawayo
4%
Haïti Carrefour
4%
Trinité-et-Tobago Chaguanas
4%
Botswana Francistown
4%
Bahamas Freeport
4%
Guinée-Bissau Gabu
4%
Arménie Gyumri
4%
Corée du Nord Hamhŭng
4%
Papouasie-Nouvelle-Guinée Lae
4%
Vanuatu Luganville
4%
Eswatini Manzini
4%
Comores Mutsamudu
4%
Ouzbékistan Namangan
4%
Guinée Nzérékoré
4%
Kirghizistan Och
4%
Cambodge Siem Reap
4%
Sénégal Touba
4%
Turkménistan Türkmenabat
4%
Antigua et Barbuda All Saints
0%
Qatar Al-Rayyan
0%
Timor oriental Baucau
0%
Kiribati Betio
0%
République Centrafricaine Bimbo
0%
Gambie Brikama
0%
Seychelles Cascade
0%
Sainte-Lucie Ciceron
0%
Nauru Denigomodu
0%
Îles Marshall Ebeye
0%
Mongolie Erdenet
0%
Liberia Gbarnga
0%
Rwanda Gisenyi
0%
Éthiopie Gondar
0%
Grenade Gouyave
0%
Koweït Hawalli
0%
Costa Rica Heredia
0%
Maldives Hulhumalé
0%
Sierra Leone Kenema
0%
Tadjikistan Khodjent
0%
Zambie Kitwe
0%
Suriname Koewarasan
0%
Brunei Kuala Belait
0%
Macédoine du Nord Kumanovo
0%
Panama La Chorrera
0%
Fidji Lautoka
0%
Guyana Linden
0%
Angola Lubango
0%
Lesotho Maputsoe
0%
Niger Maradi
0%
Mozambique Matola
0%
Cap Vert Mindelo
0%
Guatemala Mixco
0%
Tchad Moundou
0%
Bahreïn Muharraq
0%
Ouganda Nansana
0%
Tonga Neiafu
0%
Sao Tomé-et-Principe Neves
0%
Thaïlande Nonthaburi
0%
Taïwan Nouveau Taipei
0%
Soudan Omdourman
0%
Bhoutan Phuntsholing
0%
Népal Pokhara
0%
Jamaïque Portmore
0%
Dominique Portsmouth
0%
Namibie Rundu
0%
Uruguay Salto
0%
Saint-Christophe- et-Niévès Sandy Point Town
0%
Oman Sib
0%
Salvador Soyapango
0%
Barbade Speightstown
0%
Malte St. Paul's Bay
0%
Azerbaïdjan Sumqayıt
0%
Îles Salomon Tandai
0%
Maurice Vacoas-Phœnix
0%
Tuvalu Vaitapu
0%
Samoa Vaitele
0%
Soudan du Sud Wau Malakal
0%
États Fédéres de Micronésie Weno
0%
Jordanie Zarka
0%
Aucun quiz correspondant
Distribution des résultats
% des personnes avec chaque résultat
Percentile par nombre de réponses
Votre historique - résultats
Vous n’avez pas pris ce quiz